00921nam a2200265 a 450000100100000000500170001000800410002704000250006808200230009310000310011624500390014725000110018626000350019730000270023249000470025950000330030665000300033965000310036965000410040083000540044191000070049504900090050295201270051199900170063800002174020200930011431.0100910s1958 sp 001 e spa d aDO-SdBNPbspacBNPHU a864.6bA996d, 19581 aAzorín,d1873-19679527810aDe Granada a Castelar /cAzorín. a3a ed. aMadrid :bEspasa-Calpe,c1958. a145, [15] p. ;c18 cm.1 aAustral. Verde: ensayos y filosofíav475 aIncluye índice de autores. 4aEnsayos españoles93095 4aLiteratura española9632 4aCrítica literariazEspaña941960 0aAustral. Verde: ensayos y filosofía;v47598733 aWM aBNGR 001054708MOaGRbGRcHDd2010-09-10iLF1l0o864.6 A996d, 1958p21740-10r2020-06-25w2020-06-25y4ZPréstamo en sala c21239d21239